| 000 | 01414cam a22003495a 4500 | ||
|---|---|---|---|
| 001 | 15692058 | ||
| 005 | 20150824133004.0 | ||
| 008 | 090408s2007 txua fr 001 0 eng d | ||
| 010 | _a 2009277967 | ||
| 020 | _a1597180203 | ||
| 020 | _a9781597180207 | ||
| 035 | _a(OCoLC)ocn156576143 | ||
| 040 |
_aMYG _cMYG _dDRB _dAU@ _dDLC _dEG-ScBuE |
||
| 042 | _alccopycat | ||
| 082 | 0 | 4 |
_a005.36 _222 _bGET |
| 245 | 0 | 0 |
_aGetting started with stata for windows : _brelease 10. |
| 246 | 1 | 0 |
_aStata release 10 : _bgetting started with Stata for Windows |
| 246 | 1 | 0 |
_aStata 10 : _bgetting started with Stata for Windows |
| 260 |
_aCollege Station : _bStataCorp LP, _cc.2007. |
||
| 300 |
_avi, 148 p. : _bill. ; _c24 cm. |
||
| 500 | _aIndex : p. 143-148. | ||
| 590 | _ayassmeen ashraf | ||
| 630 | 0 |
_aStata _vHandbooks, manuals, etc. _99824 |
|
| 650 | 0 |
_aStatistics _xComputer programs _vHandbooks, manuals, etc. _99825 _2BUEsh |
|
| 650 | 0 |
_aStatistics _xGraphic methods _xComputer programs _vHandbooks, manuals, etc. _99826 _2BUEsh |
|
| 650 | 0 |
_aSocial sciences _xStatistical methods _xComputer programs _vHandbooks, manuals, etc. _99827 _2BUEsh |
|
| 650 | 0 |
_aSocial sciences _xStatistics _xGraphic methods _xComputer programs _vHandbooks, manuals, etc. _99828 _2BUEsh |
|
| 651 | _2BUEsh | ||
| 653 |
_bCOMSCI _cAugust2015 |
||
| 942 |
_2ddc _cBB |
||
| 999 |
_c13022 _d13022 |
||